Bài giảng kiến trúc máy tính

Spremljeno u:
Bibliografski detalji
Glavni autor: Võ Văn Chín
Format: Knjiga
Izdano: [ Cần Thơ ] ĐH Cần Thơ 1997
Teme:
Oznake: Dodaj oznaku
Bez oznaka, Budi prvi tko označuje ovaj zapis!
Thư viện lưu trữ: Trung tâm Học liệu Lê Vũ Hùng, Trường Đại học Đồng Tháp
LEADER 00657pam a22002058a 4500
001 00017661
005 20171026081022.0
008 110421s1997 ||||||Viesd
041 0 # |a Vie 
082 1 4 |a 004.22  |b B103GI 
100 0 # |a Võ Văn Chín 
245 0 0 |c Võ Văn Chính  |a Bài giảng kiến trúc máy tính 
260 # # |a [ Cần Thơ ]  |b ĐH Cần Thơ  |c 1997 
300 # # |a 69 tr.  |c 29 cm. 
653 # # |a Kiến trúc máy tính 
653 # # |a Máy vi tính 
852 # # |b Kho đọc  |j KD.0003093 
852 # # |j KD.0003093 
910 |d 21/04/2011 
980 # # |a Trung tâm Học liệu Lê Vũ Hùng, Trường Đại học Đồng Tháp